[Event "Waikato Open 2017"]
[Site "Hamilton NZL"]
[Date "2017.08.13"]
[Round "6"]
[White "Hague, Ben"]
[Black "Bennett, Hilton P"]
[Result "1-0"]
[WhiteElo "2326"]
[BlackElo "1900"]
[PlyCount "47"]
[EventDate "2017.08.11"]

1. e4 d5 2. exd5 Nf6 3. d4 Bg4 4. Bb5+ Nbd7 5. f3 Bf5 6. Nc3 a6 7. Ba4 b5 8.
Bb3 Nb6 9. Nge2 Nfxd5 10. Nxd5 Nxd5 11. O-O e6 12. Ng3 Bg6 13. f4 Qd7 14. Qf3
c6 15. Bd2 Be7 16. Rae1 O-O 17. c3 Bh4 18. Re2 Bxg3 19. Qxg3 Nf6 20. Rfe1 c5
21. Rxe6 c4 22. Re7 Qf5 23. Bd1 Ne4 24. R7xe4 1-0

[Event "Waikato Open 2017"]
[Site "Hamilton NZL"]
[Date "2017.08.13"]
[Round "6"]
[White "Dare, Richard J"]
[Black "Smith, Robert W"]
[Result "0-1"]
[WhiteElo "1890"]
[BlackElo "2255"]
[PlyCount "88"]
[EventDate "2017.08.11"]

1. e4 c5 2. Nf3 g6 3. Nc3 Bg7 4. Bc4 Nc6 5. O-O e6 6. Re1 d6 7. d3 a6 8. a4
Nge7 9. Bf4 Qc7 10. Qd2 h6 11. h4 Bd7 12. Be3 Nd4 13. Bxd4 cxd4 14. Ne2 Nc6 15.
c3 dxc3 16. bxc3 O-O 17. Reb1 Na5 18. Ba2 Rfc8 19. Nfd4 Kh7 20. Rc1 Qd8 21. g3
Rab8 22. Nb3 Nxb3 23. Bxb3 Qa5 24. d4 d5 25. Qf4 Kg8 26. exd5 exd5 27. Qd6 Be6
28. Nf4 Rd8 29. Qa3 Bf8 30. Qa2 Rbc8 31. Nxe6 fxe6 32. Qe2 Rc6 33. Qg4 Kf7 34.
Bc2 e5 35. dxe5 h5 36. Qf4+ Kg7 37. g4 Bc5 38. gxh5 Rf8 39. Qg4 Rxf2 40. Kh1
Qxc3 41. hxg6 Qxe5 42. Qh3 Bd6 43. Qd7+ Be7 44. Qh3 Rcxc2 0-1

[Event "Waikato Open 2017"]
[Site "Hamilton NZL"]
[Date "2017.08.13"]
[Round "6"]
[White "Polishchuk, Kirill"]
[Black "Gibbons, Robert E"]
[Result "1-0"]
[WhiteElo "2132"]
[BlackElo "1950"]
[PlyCount "61"]
[EventDate "2017.08.11"]

1. e4 e5 2. Nc3 Nf6 3. f4 d6 4. Nf3 exf4 5. d4 Be7 6. Bxf4 O-O 7. Bd3 Nc6 8.
Qd2 Bg4 9. Qf2 Nb4 10. O-O Nxd3 11. cxd3 Nh5 12. Bd2 Bxf3 13. Qxf3 Bg5 14. Rad1
Bxd2 15. Rxd2 Qg5 16. Rdf2 c6 17. Qh3 Nf6 18. Rf5 Qg4 19. Qe3 Nd7 20. R1f3 Qg6
21. Rg3 Qe6 22. Qg5 g6 23. Qh6 Rfe8 24. Rh5 Nf8 25. e5 Rad8 26. Ne4 dxe5 27.
Rxe5 Qxa2 28. Nf6+ Kh8 29. Nxe8 Qb1+ 30. Kf2 Qxb2+ 31. Kf3 1-0

[Event "Waikato Open 2017"]
[Site "Hamilton NZL"]
[Date "2017.08.13"]
[Round "6"]
[White "Spain, Graeme A"]
[Black "Ang, Alphaeus Wei Ern"]
[Result "1/2-1/2"]
[WhiteElo "2217"]
[BlackElo "2141"]
[PlyCount "45"]
[EventDate "2017.08.11"]

1. e4 d5 2. exd5 Qxd5 3. Nc3 Qd6 4. d4 Nf6 5. Nf3 c6 6. g3 Bg4 7. Bg2 e6 8. h3
Bh5 9. O-O Be7 10. Bf4 Qd8 11. a3 Bd6 12. Bxd6 Qxd6 13. Qd3 Nbd7 14. Rfe1 O-O
15. Ne4 Nxe4 16. Qxe4 Nf6 17. Qe3 Rfd8 18. c3 Nd5 19. Qe5 Bxf3 20. Qxd6 Rxd6
21. Bxf3 Rad8 22. Bxd5 Rxd5 23. Re2 1/2-1/2

[Event "Waikato Open 2017"]
[Site "Hamilton NZL"]
[Date "2017.08.13"]
[Round "6"]
[White "Nolan, Graham"]
[Black "Marko, Helmut S"]
[Result "1-0"]
[WhiteElo "1663"]
[BlackElo "1935"]
[PlyCount "61"]
[EventDate "2017.08.11"]

1. c4 g6 2. Nc3 Bg7 3. g3 c5 4. Bg2 Nc6 5. e3 e6 6. Nge2 Nge7 7. O-O O-O 8. a3
Rb8 9. Rb1 d5 10. d3 d4 11. Ne4 b6 12. b4 f5 13. Ng5 Bd7 14. b5 Na5 15. Nf4 Qc8
16. Re1 h6 17. Ngxe6 Bxe6 18. exd4 Bxc4 19. Rxe7 Ba2 20. Rb2 Bf7 21. Rbe2 cxd4
22. Rxa7 Re8 23. Bb2 Rxe2 24. Qxe2 Qd8 25. Rxf7 Qd6 26. Qe7 Qxe7 27. Rxe7 g5
28. Bd5+ Kh8 29. Nh5 Rd8 30. Ba2 Bf8 31. Rf7 1-0

[Event "Waikato Open 2017"]
[Site "Hamilton NZL"]
[Date "2017.08.13"]
[Round "6"]
[White "Steadman, Michael V R"]
[Black "Timergazi, Layla"]
[Result "1-0"]
[WhiteElo "2194"]
[BlackElo "2073"]
[PlyCount "63"]
[EventDate "2017.08.11"]

1. b4 a5 2. bxa5 d5 3. Bb2 Nf6 4. e3 Bf5 5. c4 Nc6 6. cxd5 Nxd5 7. d3 Bg6 8.
Nf3 e6 9. a3 Nf6 10. Be2 Bd6 11. Nbd2 Nxa5 12. e4 Bf4 13. g3 Bh6 14. Qc2 Bh5
15. Rd1 Nc6 16. h3 Bxd2+ 17. Qxd2 Bxf3 18. Bxf3 Nd4 19. Bg2 c5 20. O-O O-O 21.
f4 Qd7 22. Kh1 Rfd8 23. g4 Qb5 24. Qf2 Ra6 25. e5 Nd5 26. Be4 h6 27. f5 Qd7 28.
f6 Nb5 29. Bc1 Ndc3 30. fxg7 Qe7 31. Qf4 f5 32. exf6 1-0

[Event "Waikato Open 2017"]
[Site "Hamilton NZL"]
[Date "2017.08.13"]
[Round "6"]
[White "Seabrook, Roy"]
[Black "Punsalan, Vyanla M"]
[Result "0-1"]
[WhiteElo "1814"]
[BlackElo "1854"]
[PlyCount "128"]
[EventDate "2017.08.11"]

1. e4 c5 2. Nf3 g6 3. d4 cxd4 4. Qxd4 Nf6 5. b3 Nc6 6. Qb2 d6 7. Bd2 Bg7 8. Bc3
a6 9. Nbd2 b5 10. a3 Rb8 11. Be2 Bb7 12. O-O O-O 13. Rad1 Qc7 14. e5 dxe5 15.
Ng5 h6 16. Nge4 Rbc8 17. Nxf6+ Bxf6 18. Bg4 e6 19. Ne4 Bg7 20. Nc5 Nd4 21. b4
h5 22. Bxd4 exd4 23. Bh3 Bd5 24. Qc1 a5 25. Rfe1 Rfe8 26. Qg5 axb4 27. axb4 Ra8
28. f4 Kh7 29. f5 exf5 30. Rxe8 Rxe8 31. Bxf5 Qe5 32. Rf1 Qe3+ 33. Qxe3 dxe3
34. Bd7 e2 35. Re1 Bd4+ 36. Kh1 Bf2 37. Bxe8 Bxe1 38. Bxb5 Bxb4 39. Nd3 Be4 40.
Ne1 Bxe1 41. Bxe2 Bf2 42. c4 Kh6 43. h3 h4 44. Kh2 Kg5 45. Kh1 Kf4 46. Kh2 f5
47. Bf1 Ke3 48. c5 Bd3 49. Bxd3 Kxd3 50. c6 Bg3+ 51. Kg1 Kd4 52. Kf1 Kd5 53.
Kg1 Kxc6 54. Kh1 Kd5 55. Kg1 Ke4 56. Kh1 f4 57. Kg1 f3 58. Kh1 Bd6 59. gxf3+
Kxf3 60. Kg1 Kg3 61. Kh1 Kxh3 62. Kg1 g5 63. Kh1 g4 64. Kg1 g3 0-1